000 00653nam a2200217Ii 4500
003 JO-AjNU
008 230606s9999||||xx |||||||||||||| ||und||
020 _a978-0-340-93954-3
040 _aJO-AjNU
_beng
_erda
_cJO-AjNU
041 _aeng
050 1 4 _aPE1072.S58 2012
100 3 _aBluett,Jane محرر;John Shuttleworth محرر,
_eauthor
_91669
245 0 0 _aLiving Language and Literature
250 _a2 ed
264 3 1 _aLondon:Hodder Education,2012
300 _a291p
336 _atext
_btxt
_2rdacontent
337 _aunmediated
_bn
_2rdamedia
338 _avolume
_bnc
_2rdacarrier
650 4 _aLiving Language and Literature-Language
_91670
999 _aE875
_c875
_d875